00663nam a22002057a 4500999001900000005001700019010001300036020001000049035001300059037001400072082000800086100002800094245004200122246004000164260004300204270003100247300002100278942002700299952013100326 c172260d17226020200130145757.0 aA-333739 c15.00 aA-333739 bBPPD/Pub. a847 aمجتبیا حوسین aالغرض /cمجتبیا حوسین aAlgarz (Urdu) /bby Majtbya Hussain aHyderabadbHussami Book Depotc1987 ء aMachli KamanbHyderabade2 a150p.c20cm(pbk) 2ddccURh847mم ج ت 001040708NFICaLbLd2020-01-30eBPPD/Ven.g15.00l0o847 م ج تpA-333739r2020-01-30 00:00:00t1v15.00w2020-01-30yUR